Information systems for planning and decision making : (Record no. 184943)
[ view plain ]
| 000 -LEADER | |
|---|---|
| fixed length control field | 00913 a2200205 4500 |
| 003 - CONTROL NUMBER IDENTIFIER | |
| control field | NUST |
| 005 - DATE AND TIME OF LATEST TRANSACTION | |
| control field | 20230119134026.0 |
| 010 ## - LIBRARY OF CONGRESS CONTROL NUMBER | |
| LC control number | 83005817 |
| 020 ## - INTERNATIONAL STANDARD BOOK NUMBER | |
| International Standard Book Number | 0442256280 |
| 040 ## - CATALOGING SOURCE | |
| Transcribing agency | Nust |
| 082 00 - DEWEY DECIMAL CLASSIFICATION NUMBER | |
| Classification number | 658.40388,KAL |
| 100 1# - MAIN ENTRY--PERSONAL NAME | |
| Personal name | Kallman, Ernest A. |
| 9 (RLIN) | 107099 |
| 245 10 - TITLE STATEMENT | |
| Title | Information systems for planning and decision making : |
| Remainder of title | the strategic and operational management of human resources, finance, manufacturing, and marketing through information / |
| Statement of responsibility, etc. | Ernest A. Kallman, Leon Reinharth. |
| 260 ## - PUBLICATION, DISTRIBUTION, ETC. | |
| Place of publication, distribution, etc. | New York : |
| Name of publisher, distributor, etc. | Van Nostrand Reinhold, |
| Date of publication, distribution, etc. | c1984. |
| 300 ## - PHYSICAL DESCRIPTION | |
| Extent | xviii, 488 p. : |
| Other physical details | ill. ; |
| Dimensions | 27 cm. |
| 505 ## - FORMATTED CONTENTS NOTE | |
| Formatted contents note | Part-1:- Information the Vital Resource (Page-3) Part -2:- Introduction to information for Operational Decisions (Page-193) Part -3:- The Hardware and Software Decision (Page-376). |
| 650 #0 - SUBJECT ADDED ENTRY--TOPICAL TERM | |
| Topical term or geographic name entry element | Management information systems. |
| 700 1# - ADDED ENTRY--PERSONAL NAME | |
| Personal name | Reinharth, Leon. |
| 9 (RLIN) | 107100 |
| 942 ## - ADDED ENTRY ELEMENTS (KOHA) | |
| Source of classification or shelving scheme | |
| Koha item type | Book |
| Call number prefix | 658.40388,KAL |
| Withdrawn status | Lost status | Source of classification or shelving scheme | Damaged status | Not for loan | Permanent Location | Current Location | Shelving location | Date acquired | Full call number | Barcode | Date last seen | Price effective from | Koha item type | Public note | Total Checkouts |
|---|---|---|---|---|---|---|---|---|---|---|---|---|---|---|---|
| Military College of Signals (MCS) | Military College of Signals (MCS) | General Stacks | 12/12/2016 | 658.40388,KAL | MCS20696 | 12/08/2016 | 12/12/2016 | Book | Almirah No.55, Shelf No.2 | ||||||
| Military College of Signals (MCS) | Military College of Signals (MCS) | General Stacks | 03/27/2023 | 658.40388,KAL | MCS5484 | 03/27/2023 | 03/27/2023 | Book | Almirah No.75, Shelf No.2 |
